000 00464nam a2200169 4500
001 108432
003 ES-MaACL
005 20230906184637.0
007 t|
008 061121s1923 fr r ||||1| fre d
100 1 _aMondor, H.
_982148
245 1 4 _aLes ulcéres perforés del estomac et du duodénum /
_cH. Mondor, G.Lauret.
260 _aParis :
_b[s.n.],
_c1923.
300 _a136 p. ;
_c20 cm.
700 1 _aLauret, G.
_970645
852 _aES-MaACL
_jB-11980
999 _c108432
_d108432